| 000 | 01746cam a2200313 a 4500 | ||
|---|---|---|---|
| 999 |
_c4269 _d4269 |
||
| 001 | 38286543 | ||
| 003 | OCoLC | ||
| 005 | 20181204123334.0 | ||
| 008 | 980122s1998 cau b 001 0 eng | ||
| 010 | _a 98009565 | ||
| 020 | _a0830721398 | ||
| 020 | _a9780830721399 | ||
| 035 |
_a(OCoLC)38286543 _z(OCoLC)123069968 |
||
| 040 |
_aDLC _cDLC _dBTCTA _dBAKER _dHNW _dOCLCG |
||
| 043 | _as-ag--- | ||
| 050 | 0 | 0 |
_aBV3777.A7 _bR57 1998 |
| 082 | 0 | 0 |
_a269.09 _221 _bW132R |
| 092 |
_a269.0982 _bR5955 |
||
| 245 | 0 | 4 |
_aThe rising revival : _bfirsthand accounts of the incredible Argentine revival--and how it can spread throughout the world / _cedited by C. Peter Wagner and Pablo Deiros. |
| 260 |
_aVentura, Calif., U.S.A. : _bRenew, _cc1998. |
||
| 300 |
_a228 p. ; _c23 cm. |
||
| 504 | _aIncludes bibliographical references and index. | ||
| 505 | 0 | _aRevival power : God has set his people "a-praying" / C. Peter Wagner -- The roots and the fruits of the Argentine revival / Pablo A. Deiros -- Power evangelism, Argentine style / Carlos Annacondia -- Dealing with demons in revival evangelism / Pablo Bottari -- Vision of the future / Omar Cabrera -- The Holy Spirit, the anointing and revival power / Claudio Freidzon -- Confronting the powers in Adrogue / Eduardo Lorenzo -- Engaging the enemy in resistencia / Jane Rumph -- Intercession and miracles in the church / Guillermo Prein -- God's kingdom in Olmos Prison / Juan Zuccarelli -- Unity as a sign of revival / Carlos Mraida -- Unleashing the headwaters of revival / Ed Silvoso. | |
| 650 | 0 |
_aRevivals _zArgentina _xHistory _y20th century. |
|
| 651 | 0 |
_aArgentina _xChurch history _y20th century. |
|
| 700 | 1 | _aWagner, C. Peter. | |
| 700 | 1 |
_aDeiros, Pablo Alberto, _d1945- |
|
| 942 |
_2ddc _cBK |
||